00418nam a2200145 a 450000100100000000500170001000800410002702000150006804000250008308200150010810000230012324500510014626000490019730000260024600002763220200930030957.0110401s1989 dr 000 0 spa d z893269999L aDO-SdBNPbspacBNPHU axxxbB861p1 aBristol, Claude M.10aEl poder está en usted /cClaude M. Bristol. aSanto Domingo :bEditorial Arco Iris,c1989. a132, [4] p. ;c19 cm.